000 00440nam a22001697a 4500
005 20251108170708.0
008 250721s1979 xx 000 0 eng d
082 1 4 _aR/720.956/CRE
100 1 _aCreswell, K . A . C
245 1 0 _aEarly Muslim Architecture /
250 _a2nd ed
264 1 _aNew York :
_bHacker Art Books,
_c1979.
300 _a2vol in 3 parts
650 1 7 _aIslamic Architecture
942 _2ddc
_cREF
999 _c46803
_d46803